000
00318nam a22001457a 4500
003
SGT
020
_a
8174760083
082
_a
070
_b
P94A
100
_a
AIYAR, MANI SHANKAR
245
_a
PAKISTAN PAPERS
260
_b
UBS PUBLISHERS DISTRIBUTORS LTD.
_c
1994
300
_a
227
650
_a
JOURNALISM
942
_2
ddc
_c
BK
999
_c
28765
_d
28765